[Event "GER-ch U25-B"]
[Site "Willingen"]
[Date "2017.06.09"]
[Round "8"]
[White "Schulz, Jonas"]
[Black "Claussen, Carlos"]
[Result "1-0"]
[WhiteElo "1120"]
[BlackElo "864"]
[PlyCount "189"]
[EventDate "2017.06.04"]
[EventType "swiss"]
[EventRounds "9"]
[EventCountry "GER"]
[SourceTitle "CBM 178 Extra"]
[Source "ChessBase"]
[SourceDate "2017.06.22"]
[SourceVersion "1"]
[SourceVersionDate "2017.06.22"]
[SourceQuality "1"]

1. e4 e5 2. Nf3 Nc6 3. Bc4 Nf6 4. d3 Bc5 5. Nc3 d6 6. Bg5 Bg4 7. Nd5 Nd4 8. Nxf6+ gxf6 9. Bh6 Rg8 10. Rg1 Rg6 11. h3 Nxf3+ 12. gxf3 Bxh3 13. Rxg6 fxg6 14. Qd2 Qd7 15. 0-0-0 0-0-0 16. Qc3 f5 17. Qb3 Qc6 18. Bg5 Re8 19. Bb5 Qb6 20. Bxe8 Qxb3 21. axb3 Bxf2 22. Rh1 b6 23. Rxh3 fxe4 24. dxe4 h5 25. Rh2 Bg3 26. Rg2 Be1 27. Bf6 h4 28. Bxh4 Bxh4 29. Rxg6 Kb7 30. b4 Ka6 31. b5+ Kb7 32. Bc6+ Kc8 33. Rg8+ Bd8 34. Bb7+ Kxb7 35. Rxd8 c6 36. bxc6+ Kxc6 37. Rc8+ Kb7 38. Rd8 Kc7 39. Rh8 Kc6 40. Rc8+ Kb7 41. Rd8 Kc7 42. Rg8 Kc6 43. b4 b5 44. Ra8 Kb7 45. Rf8 Kc7 46. f4 exf4 47. Rxf4 d5 48. Rf6 Kd7 49. exd5 Ke7 50. Rc6 Kd7 51. c3 Ke7 52. Rc5 Kd6 53. Rxb5 Kc7 54. Ra5 Kb7 55. d6 Kb8 56. d7 Kc7 57. Rxa7+ Kd8 58. b5 Ke7 59. d8Q+ Kxd8 60. b6 Kc8 61. c4 Kb8 62. c5 Kc8 63. Kb2 Kb8 64. Kb3 Kc8 65. c6 Kb8 66. c7+ Kc8 67. b7+ Kxc7 68. b8Q+ Kxb8 69. Ra6 Kb7 70. Rf6 Kc7 71. Kc4 Kd7 72. Kd5 Ke7 73. Ke5 Kd7 74. Re6 Kc7 75. Rd6 Kb7 76. Rf6 Kc7 77. Rf5 Kc6 78. Kd4 Kb6 79. Kc4 Ka6 80. Rb5 Ka7 81. Kc5 Ka6 82. Rb3 Ka5 83. Kc6 Ka4 84. Rb5 Ka3 85. Kc5 Ka4 86. Kc4 Ka3 87. Rb4 Ka2 88. Kc3 Ka3 89. Kc4 Ka2 90. Rb3 Ka1 91. Kc3 Ka2 92. Kc2 Ka1 93. Kc1 Ka2 94. Kc2 Ka1 95. Ra3# 1-0

[Event "GER-ch U25-B"]
[Site "Willingen"]
[Date "2017.06.06"]
[Round "5"]
[White "Claussen, Carlos"]
[Black "Ludwig, Lea"]
[Result "0-1"]
[WhiteElo "864"]
[BlackElo "969"]
[PlyCount "126"]
[EventDate "2017.06.04"]
[EventType "swiss"]
[EventRounds "9"]
[EventCountry "GER"]
[SourceTitle "CBM 178 Extra"]
[Source "ChessBase"]
[SourceDate "2017.06.22"]
[SourceVersion "1"]
[SourceVersionDate "2017.06.22"]
[SourceQuality "1"]

1. e4 c5 2. Nf3 d6 3. Bb5+ Bd7 4. Bxd7+ Nxd7 5. Nc3 e6 6. d3 Be7 7. 0-0 Ngf6 8. Bg5 0-0 9. Re1 a6 10. e5 dxe5 11. Nxe5 Nxe5 12. Rxe5 Nd7 13. Bxe7 Qxe7 14. Re1 b5 15. Qh5 Rfd8 16. Ne4 h6 17. Qg4 Nf6 18. Nxf6+ Qxf6 19. Re4 Qxb2 20. Rae1 Qxa2 21. R4e3 Qxc2 22. Rg3 g5 23. Qh5 Qd2 24. Rf1 Kg7 25. Rh3 Rh8 26. Rf3 f5 27. Re3 Rae8 28. h3 c4 29. dxc4 bxc4 30. Ra3 a5 31. Raa1 Rc8 32. Rab1 a4 33. Rb7+ Kf6 34. Qf7+ Ke5 35. Rb5+ Kd4 36. Qa7+ Kc3 37. Qg7+ Kd3 38. Qd7+ Ke4 39. Qxe6+ Kd3 40. Rd5+ Kc3 41. Rxd2 Kxd2 42. Qe1+ Kd3 43. Qd1+ Kc3 44. Re1 Kb4 45. Re5 f4 46. Qc2 a3 47. Qd2+ c3 48. Qd4+ Kb3 49. Rb5+ Kc2 50. f3 a2 51. Qf2+ Kd3 52. Qxa2 Rhd8 53. Qb1+ c2 54. Rb3+ Rc3 55. Rxc3+ Kxc3 56. Qa1+ Kd2 57. Qa5+ Ke2 58. Qb5+ Rd3 59. Qe5+ Kd2 60. Qa5+ Kd1 61. Kf1 c1Q 62. Qe1+ Kc2 63. Qxc1+ Kxc1 0-1

[Event "GER-ch U25-B"]
[Site "Willingen"]
[Date "2017.06.04"]
[Round "1"]
[White "Faerber, Sophie"]
[Black "Claussen, Carlos"]
[Result "1-0"]
[WhiteElo "1093"]
[BlackElo "864"]
[PlyCount "53"]
[EventDate "2017.06.04"]
[EventType "swiss"]
[EventRounds "9"]
[EventCountry "GER"]
[SourceTitle "CBM 178 Extra"]
[Source "ChessBase"]
[SourceDate "2017.06.22"]
[SourceVersion "1"]
[SourceVersionDate "2017.06.22"]
[SourceQuality "1"]

1. e4 e5 2. Nf3 Nc6 3. Bc4 Bc5 4. c3 Nf6 5. d4 exd4 6. cxd4 Bb4+ 7. Bd2 Nxe4 8. Bxb4 Nxb4 9. Bxf7+ Kxf7 10. Qb3+ d5 11. Qxb4 Re8 12. 0-0 Bg4 13. Ne5+ Kg8 14. Nxg4 Qg5 15. Ne3 Nxf2 16. Rxf2 Rxe3 17. Nd2 Rae8 18. Raf1 h6 19. Nf3 Qg4 20. Ne5 Qg5 21. Qc5 b6 22. Rf8+ Rxf8 23. Rxf8+ Kh7 24. Qc2+ Re4 25. h3 g6 26. Qxc7+ Qe7 27. Qxe7# 1-0

[Event "GER-chT U10"]
[Site "Magdeburg"]
[Date "2016.12.29"]
[Round "6.4"]
[White "Claussen, Carlos"]
[Black "Sassenscheidt, Julius"]
[Result "1-0"]
[WhiteElo "898"]
[BlackElo "787"]
[PlyCount "123"]
[EventDate "2016.12.27"]
[EventType "team-swiss"]
[EventRounds "7"]
[EventCountry "GER"]
[SourceTitle "EXT 2018"]
[Source "ChessBase"]
[SourceDate "2017.10.13"]
[SourceVersion "1"]
[SourceVersionDate "2017.10.13"]
[SourceQuality "1"]
[WhiteTeam "Karlsruhe SF"]
[BlackTeam "Eilendorf Arminia"]
[WhiteTeamCountry "GER"]
[BlackTeamCountry "GER"]

1. e4 d5 2. Nc3 dxe4 3. Nxe4 e5 4. d3 Nc6 5. Bg5 Nf6 6. Qf3 Be7 7. Nxf6+ Bxf6 8. Bxf6 Qxf6 9. Qxf6 gxf6 10. 0-0-0 Be6 11. Nf3 0-0-0 12. Kb1 e4 13. Nd2 Nb4 14. Nxe4 f5 15. Nc5 Bxa2+ 16. Kc1 Bd5 17. Be2 Bxg2 18. Rhg1 Bc6 19. Rg3 Rhg8 20. Rxg8 Rxg8 21. d4 Rg2 22. d5 Nxd5 23. Bf3 Rxf2 24. Bxd5 Bxd5 25. Rxd5 b6 26. Nd3 Rxh2 27. Rxf5 h5 28. Rxf7 h4 29. Rf2 Rh3 30. Nf4 Rg3 31. Rh2 Rg4 32. Ng2 Kb7 33. Nxh4 Rg1+ 34. Kd2 Kc6 35. Rg2 Rh1 36. Rg6+ Kb7 37. Nf5 Rh2+ 38. Kc3 Ka6 39. Rg7 c5 40. Kb3 Rf2 41. Ne7 Kb5 42. Nc8 a6 43. Rg6 Rf3+ 44. c3 c4+ 45. Kc2 Rf2+ 46. Kc1 Rf1+ 47. Kd2 Rf2+ 48. Kc1 Rf1+ 49. Kc2 Rf2+ 50. Kc1 Rf1+ 51. Kc2 Rf2+ 52. Kb1 Ka4 53. Rxb6 a5 54. Nd6 Rf4 55. Rc6 Kb3 56. Rb6+ Ka4 57. Ka2 Rf5 58. Nxc4 Rf2 59. Kb1 Rf1+ 60. Kc2 Rf2+ 61. Kd3 Rc2 62. b3# 1-0